Top 20 Largest Metropolitan Areas in Asia by Population - Statistics

General Stats
  • This quiz has been taken 207 times
    179 since last reset
  • The average score is 17 of 20
Answer Stats
Population (in mil.) Answer % Correct
37.73 Tokyo
100%
23.02 Shanghai
98%
22.40 Delhi
96%
19.61 Beijing
95%
15.30 Guangzhou
95%
22.30 Mumbai
95%
10.13 Bangkok
94%
15.52 Jakarta
94%
17.41 Osaka
92%
24.47 Seoul
92%
14.33 Dhaka
87%
16.00 Kolkata
86%
20.65 Manila
86%
25.21 Karachi
84%
13.42 Tehran
84%
10.00 Chennai
76%
9.25 Bengaluru
74%
9.22 Hong Kong
71%
9.29 Nagoya
66%
14.23 Shenzhen
63%
No matching quizzes found
Score Distribution
Percent of People with Each Score
Percentile by Number Answered
Your Score History
You have not taken this quiz since the last reset